2000s Rock Bands A-Z - Statistics

General Stats
  • This quiz has been taken 268 times
  • The average score is 15 of 26
Answer Stats
Letter Songs Answer % Correct
G American Idiot | Boulevard Of Broken Dreams Green Day
97%
L In The End | Numb Linkin Park
94%
K Mr. Brightside | Human The {Killers}
88%
W Seven Nation Army | Icky Thump The {White} {Stripes}
88%
E Bring Me To Life | My Immortal Evanescence
87%
N How You Remind Me | Rockstar Nickelback
83%
M Welcome To The Black Parade | Teenagers My Chemical Romance
77%
F Sugar, We're Going Down | Thnks Fr Th Mmrs Fall Out Boy
71%
P Misery Business | The Only Exception Paramore
71%
R Snow (Hey Oh) | Can't Stop Red Hot Chili Peppers
64%
A Gives You Hell | Dirty Little Secret The {All}-{American} {Rejects}
62%
O You're Gonna Go Far, Kid | Want You Bad The {Offspring}
61%
B I Miss You | First Date Blink-182
59%
J The Middle | Sweetness Jimmy Eat World
54%
S In Too Deep | Fat Lip Sum 41
54%
T I Hate Everything About You | Animal I Have Become Three Days Grace
53%
H The Reason | Crawling In The Dark Hoobastank
51%
D Change (In The House Of Flies) | Minerva Deftones
42%
Q No One Knows | Go With The Flow Queens Of The Stone Age
41%
Y Ocean Avenue | Only One Yellowcard
38%
C The Red | Send The Pain Below Chevelle
33%
V A-Punk | Oxford Comma Vampire Weekend
30%
X Intro | Crystalised The {XX}
27%
U The Taste Of Ink | Pretty Handsome Awkward The {Used}
23%
I Evil | Obstacle 1 Interpol
15%
Z Falling Apart | Playmate Of The Year Zebrahead
8%
No matching quizzes found
Score Distribution
Percent of People with Each Score
Percentile by Number Answered
Your Score History
You have not taken this quiz